000 00473nam a22001097a 4500
082 _a320
100 _aलक्ष्मीकांत , एम .
_936407
245 _aभारत की राजयव्यवस्था सिविल सेवा ओर राज्य सेवा परीक्षाओ हेतु
260 _aCHENNAI
_bMCGRAW HILL EDUCATION (INDIA) PRIVATE LIMITED
_c2024
650 _aराजव्यवस्था
942 _cC. BOOKS
999 _c67298
_d67298